000 00554cam a2200217 4500
008 090401t1996 xxu||||| |||| 00| 0 eng d
020 _a0750629673
035 _a(Sirsi) u14185
041 _aeng
050 _a692.5
245 _aLaxton`s guide to budget estimating.
260 _aOxford
_bLaxtons
_c1996
300 _axvi,238p. ; 24cm.
350 _a35
650 _aBUDGETING
650 _aBUILT ENVIRONMENT-BUILDING COSTS
690 _aBUILT ENVIRONMENT-BUILDING COSTS
700 _aTweeds,
_xEditor
942 _n0
948 _c04/03/1997
999 _c87156
_d87156